| 000 | 00422nam a22001691c 4500 | ||
|---|---|---|---|
| 001 | a00499 | ||
| 008 | 051003s1992 gw |||| 000u eng d | ||
| 041 | _aeng | ||
| 245 | 0 | 0 | _aRussian Peasant Women |
| 264 |
_aNew York : _bOxford UP, _c1992 |
||
| 300 | _a304 S. Br. | ||
| 700 | 1 |
_aFarnsworth, Beatrice _eHerausgeberIn |
|
| 700 | 1 |
_aViola, Lynne _eHerausgeberIn |
|
| 942 | _cMG | ||
| 040 | _cRU-10907106 | ||
| 003 | RU-10907106 | ||
| 999 |
_c3992 _d3992 |
||